000 00288nam a22001337a 4500
008 171123b xxu||||| |||| 00| 0 eng d
020 _a08778573100
041 _aeng
080 _a721
100 _a41
101 _aNDE
245 _aMOVABLE INSULATION
_cWILLIAM.K.L
942 _2udc
_cBK
999 _c38387
_d38387